Normal view
MARC view
Entry Personal Name
001 - CONTROL NUMBER
- control field: 42259
003 - CONTROL NUMBER IDENTIFIER
- control field: dpl
005 - DATE AND TIME OF LATEST TRANSACTION
- control field: 20120216120223.0
008 - FIXED-LENGTH DATA ELEMENTS
- fixed length control field: 120216|||a|||||| | ||| d
040 ## - CATALOGING SOURCE
- Original cataloging agency: dpl
- Transcribing agency: dpl
100 ## - HEADING--PERSONAL NAME
- Personal name: Schnoll,Scott
670 ## - SOURCE DATA FOUND
- Source citation: Work cat.: (dpl): Schnoll,Scott, Exchange 2000 Server: /, 2000
670 ## - SOURCE DATA FOUND
- Source citation: Work cat.: (dpl): Schnoll,Scott, Exchange 2000 Server: /, 2000
